|
|
|
|
| LEADER |
00000nab a2200000 a 4500 |
| 001 |
vtls000217671 |
| 003 |
SK-MaSNL |
| 005 |
20260302204219.0 |
| 008 |
160204c1985 xo 0 slo |
| 015 |
|
|
|a SNBRA19rr/mm-uuuuu
|
| 035 |
|
|
|a CL0227785
|
| 040 |
|
|
|a SNKBUCL
|b slo
|c SNKBUCL
|e AACR2
|
| 041 |
0 |
|
|a slo
|
| 044 |
|
|
|a xo
|c SK
|
| 080 |
|
|
|a 1 100.59(437)-053.6:301.15:62
|2 1981
|
| 080 |
|
|
|a 301.15
|2 1981
|
| 080 |
|
|
|a 62
|2 1981
|
| 080 |
|
|
|a 37
|2 1981
|
| 100 |
1 |
|
|a Macháček, Ladislav,
|d 1942-2015
|4 aut
|
| 245 |
1 |
0 |
|a Veda a technika v hodnotovej orientácii mládeže
|c Ladislav Macháček
|
| 300 |
|
|
|b Lit. 7 zázn. v slov., češ., ruš.
|
| 650 |
0 |
7 |
|a mládež
|2 snkbucl
|9 1575
|
| 650 |
0 |
7 |
|a veda
|2 snkbucl
|9 1599
|
| 650 |
0 |
7 |
|a technika
|2 snkbucl
|9 671
|
| 655 |
|
7 |
|a články zo zborníkov
|2 snkbucl
|9 166140
|
| 773 |
0 |
|
|t Teória, metodika, prax mládežníckeho hnutia 4/1984
|d Bratislava : Smena, 1985
|
| 850 |
|
|
|a Slovenská národná knižnica v Martine
|a MTA001
|
| 852 |
|
|
|a SNK
|b KIS3GCP
|
| 958 |
|
|
|a NB
|
| 958 |
|
|
|a RK
|
| 992 |
|
|
|a RZB
|
| 999 |
|
|
|c 1472467
|d 1474397
|